Southville International School and Colleges
Your cart is empty.
  • Cart
  • Lists
    Public lists Eva Luna New books Lux_list list_1
    Your lists Log in to create your own lists
  • Log in to your account
  • Your cookies
  • Search history
Southville International School and Colleges
  • Advanced search
  • Recent comments
  • Most popular
  • Libraries

Log in to your account

Log in with GOOGLE


If you do not have an external account, but do have a local account, you can still log in:

  1. Home
  2. MARC view: Argue with me :
Normal view MARC view ISBD view

Argue with me : (Record no. 306694)

[ view plain ]
MARC details
000 -LEADER
fixed length control field 01423cam a2200373 i 4500
001 - CONTROL NUMBER
control field 18585509
003 - CONTROL NUMBER IDENTIFIER
control field LC
005 - DATE AND TIME OF LATEST TRANSACTION
control field 20170213165940.0
008 - FIXED-LENGTH DATA ELEMENTS--GENERAL INFORMATION
fixed length control field 150421s2016 nyua b 000 0 eng
010 ## - LIBRARY OF CONGRESS CONTROL NUMBER
LC control number 2015009053
020 ## - INTERNATIONAL STANDARD BOOK NUMBER
International Standard Book Number 9781138911390 (Hardback)
020 ## - INTERNATIONAL STANDARD BOOK NUMBER
International Standard Book Number 9781138911406 (Paperback)
020 ## - INTERNATIONAL STANDARD BOOK NUMBER
Cancelled/invalid ISBN 9781315692722 (eBook)
040 ## - CATALOGING SOURCE
Original cataloging agency DLC
Language of cataloging eng
Transcribing agency DLC
Description conventions rda
Modifying agency DLC
042 ## - AUTHENTICATION CODE
Authentication code pcc
050 00 - LIBRARY OF CONGRESS CALL NUMBER
Classification number PE1408
Item number .K78 2016
082 00 - DEWEY DECIMAL CLASSIFICATION NUMBER
Classification number 808/.042071
100 1# - MAIN ENTRY--PERSONAL NAME
Personal name Kuhn, Deanna,
Relator term author.
245 10 - TITLE STATEMENT
Title Argue with me :
Remainder of title argument as a path to developing students' thinking and writing /
Statement of responsibility, etc Deanna Kuhn, Laura Hemberger, and Valerie Khait.
250 ## - EDITION STATEMENT
Edition statement Second edition.
260 ## - PUBLICATION, DISTRIBUTION, ETC. (IMPRINT)
Place of publication, distribution, etc New York :
Name of publisher, distributor, etc Routledge,
Date of publication, distribution, etc 2016
300 ## - PHYSICAL DESCRIPTION
Extent x, 194 pages :
Other physical details illustrations ;
Dimensions 27 cm
500 ## - GENERAL NOTE
General note "First edition published by Wessex, Inc., 2013"--T.p. verso.
504 ## - BIBLIOGRAPHY, ETC. NOTE
Bibliography, etc Includes bibliographical references.
650 #0 - SUBJECT ADDED ENTRY--TOPICAL TERM
Topical term or geographic name as entry element English language
General subdivision Rhetoric.
650 #0 - SUBJECT ADDED ENTRY--TOPICAL TERM
Topical term or geographic name as entry element Exposition (Rhetoric)
650 #0 - SUBJECT ADDED ENTRY--TOPICAL TERM
Topical term or geographic name as entry element English language
General subdivision Composition and exercises.
650 #0 - SUBJECT ADDED ENTRY--TOPICAL TERM
Topical term or geographic name as entry element Thought and thinking
General subdivision Study and teaching.
700 1# - ADDED ENTRY--PERSONAL NAME
Personal name Hemberger, Laura,
Relator term author.
700 1# - ADDED ENTRY--PERSONAL NAME
Personal name Khait, Valerie,
Relator term author.
906 ## - LOCAL DATA ELEMENT F, LDF (RLIN)
a 7
b cbc
c orignew
d 1
e ecip
f 20
g y-gencatlg
942 ## - ADDED ENTRY ELEMENTS (KOHA)
Source of classification or shelving scheme Library of Congress Classification
Koha item type Books
Holdings
Withdrawn status Lost status Source of classification or shelving scheme Damaged status Home library Current library Shelving location Date acquired Source of acquisition Total Checkouts Full call number Barcode Date last seen Price effective from Koha item type
    Library of Congress Classification   Luxembourg Library Luxembourg Library Teachers Reference Section 02/13/2017 Library Fund   PE 1408 .K78 2016 20398 02/13/2017 02/13/2017 Books

Argue with me :

APA

Kuhn D., Hemberger L. & Khait V. (2016). Argue with me. New York: Routledge.

Chicago

Kuhn Deanna, Hemberger Laura and Khait Valerie. 2016. Argue with me. New York: Routledge.

Harvard

Kuhn D., Hemberger L. and Khait V. (2016). Argue with me. New York: Routledge.

MLA

Kuhn Deanna, Hemberger Laura and Khait Valerie. Argue with me. New York: Routledge. 2016.

  • Place hold
  • Print
  • Cite
  • Add to your cart (remove)
  • Save record
    BIBTEX Dublin Core MARCXML MARC (non-Unicode/MARC-8) MARC (Unicode/UTF-8) MARC (Unicode/UTF-8, Standard) MODS (XML) RIS
  • More searches
    Search for this title in:
    Other Libraries (WorldCat) Other Databases (Google Scholar) Online Stores (Bookfinder.com) Open Library (openlibrary.org)

Exporting to Dublin Core...

SOUTHVILLE LIBRARY

Southville International School and Colleges Library

1281 Tropical Ave. Cor. Luxembourg St., BF Homes International, Las Pinas City

Tel. No. 8256374 / 252358 Loc. 117/146

Powered by Koha